000 00291nam a2200133 i 4500
001 bg
245 0 _aDinamika i procnost masin. Vyp.13.
260 _aCharkov,
_c1971.
040 _cBPK
041 _apol
080 _a539.3:621
942 _cKS
008 s pl f |000 0 pol
999 _c27071
_d27071
856 _uhttp://koha.tu.koszalin.pl/cgi-bin/koha/opac-detail.pl?biblionumber=27071
_yKatalog online BPK